000 01249nam a22003617a 4500
001 BR8004440
003 BR-BrBNA
005 20230928090655.0
007 ta
008 230509b bl.||||| |||| 00| 0 por d
040 _aBR-BrBNA
_bpor
_cBiblioteca Nacional de Agricultura
041 _a(Por)
072 _aF26; F27; E30
_b/G514
_b/GZ74
090 _ F26 BR8004440
100 1 _aMarchetti, D.
100 1 _aMachado, A.D. (comps.)
110 1 _aEmpresa Brasileira de Pesquisa Agropecuaria, Brasilia, DF;
_93834
110 1 _aCentro de Pesquisa Agropecuaria dos Cerrados, Planaltina, DF (Brasil);
110 1 _aConselho Nacional de Desenvolvimento Cientifico e Tecnologico, Brasilia, DF (Brasil)
111 1 _a5. Simposio Sobre o Cerrado
_cBrasilia, DF (Brazil)
_d12 Feb 1979
245 1 _aCerrado: uso e manejo [aptidao agricola, desenvolvimento agricola, Brasil]
260 3 _aBrasilia, DF (Brasil):
_bEditerra,
_c1980.
300 _a761 p.
650 _aAPTIDAO AGRICOLA
650 _aUSO DA TERRA
650 _aPRATICA CULTURAL
650 _aDESENVOLVIMENTO AGRICOLA
650 _aASSISTENCIA TECNICA
650 _aPOLITICA DE DESENVOLVIMENTO
650 _aCERRADO
909 _a202309
_bLucia
_c55
_dLucia Elande
942 _cBK
999 _c29950
_d29950